| 000 | 00733nam a2200241 a 4500 | ||
|---|---|---|---|
| 001 | 66852 | ||
| 003 | BD-RjUL | ||
| 005 | 20211209081602.0 | ||
| 008 | 170320s2003 ii 001 0 eng d | ||
| 035 | _a(BD-RjUL) 66983 | ||
| 040 |
_aMOC _cMOC _dBD-RjUL _beng |
||
| 041 | _aeng | ||
| 082 |
_223 _a635 _bVEG 2003 |
||
| 245 | 1 | 0 |
_aVegetable crops / _cT K Bose, J Kabir, T K Maity, V A Parthasarathy & M G Som |
| 250 | _a3rd rev. ed. | ||
| 260 |
_aKolkata : _bNaya Prokash, _c2003. |
||
| 300 |
_av. ; _b25 cm. |
||
| 500 | _aIncludes Index. | ||
| 505 | 0 | _aVol. 2 --V. 3 -- | |
| 650 | 0 |
_aVegetable gardening _zUnited States. _944134 |
|
| 700 |
_aBoseT K, Kabir J , Maity T K , Parthasarathy V A & Som M G _9197964 |
||
| 942 |
_2ddc _cBK |
||
| 999 |
_c66852 _d66852 |
||